| 000 | 00890nas a2200289 4500 | ||
|---|---|---|---|
| 001 | BR2011004315 | ||
| 003 | BR-BrBNA | ||
| 005 | 20231205115058.0 | ||
| 007 | ta | ||
| 008 | 230509b bl.|||p| |||| 00| 00por d | ||
| 040 |
_aBR-BrBNA _bpor _cBiblioteca Nacional de Agricultura |
||
| 041 | _a(Pt) | ||
| 072 | _aF30 | ||
| 100 | 1 | _aSoares, M.O. | |
| 100 | 1 | _aMiranda, G.V. | |
| 100 | 1 | _aGuimarães, L.J.M. | |
| 100 | 1 | _aMarriel, I.E. | |
| 100 | 1 | _aGuimarães, C.T. | |
| 245 | 1 | _aParâmetros genéticos de uma população de milho em níveis contrastantes de nitrogênio | |
| 650 | _aMILHO | ||
| 650 | _aNITROGÊNIO | ||
| 650 | _aDEFICIÊNCIA HÍDRICA | ||
| 650 | _aPARÂMETRO GENÉTICO | ||
| 773 | 0 |
_tRevista Ciência Agronômica (Brazil) _xISSN 0045-6888 _g(Jan-Mar 2011), v. 42(1) p. 168-174 _wBR2011004315 |
|
| 909 |
_a202311 _bLúcia _c55 _dLúcia Elande |
||
| 942 |
_2AGRIS _n0 _cANA |
||
| 999 |
_c211981 _d211981 |
||